000
00466nam a22001457a 4500
020
_a
9789350531822
082
_a
070.41
100
_a
J. David
245
_a
Basic elements of news editing
250
_a
1st ed
260
_a
New Delhi
_b
Cybertech publications
_c
2014
300
_a
293p
942
_c
BK
999
_c
2684
_d
2684